| 000 | 00416cam a2200169ua 4500 | ||
|---|---|---|---|
| 020 | _c30.00 | ||
| 041 |
_aeng _h |
||
| 082 |
_a301 _bCHI/IN |
||
| 100 | _aChitambar, J.B . | ||
| 245 |
_aIntroductory rural sociology / _cJ.B.Chitambar. _hTextual Documents |
||
| 260 |
_aNew Delhi : _bWiley Eastern Ltd , _c1983. |
||
| 300 | _a369 ; . | ||
| 365 | _a30.00 | ||
| 504 | _a | ||
| 942 | _cBK | ||
| 999 |
_c1724 _d1724 |
||